| 000 | 01503aam a2200313 i 4500 | ||
|---|---|---|---|
| 001 | 768714001 | ||
| 003 | CO-MdFUSB | ||
| 005 | 20210824161419.0 | ||
| 007 | ta | ||
| 008 | 210324t2013 ck adc|| |||| 00| 0 spa d | ||
| 020 | _a9789585804203 | ||
| 040 |
_bspa. _aCO-MdFUSB _cCO-MdFUSB _dCO-MdFUSBC _erda |
||
| 041 | _aspa | ||
| 082 | 0 | 4 |
_223 _a241.66 _bA765s |
| 245 | 1 | 0 |
_aSexualidad e Iglesia : _bMemorias consulta nacional _c/ editado por Maritza León , Grace Morillo |
| 264 | 1 |
_aBogotá, Colombia : _bAsociación Unidad Cristiana Universitaria, _c[2013] |
|
| 264 | 4 | _c© 2013 | |
| 300 |
_a151 páginas _c; 28 cm |
||
| 336 |
_atexto _btxt _2rdacontent |
||
| 337 |
_2rdamedia _asin mediación _bn |
||
| 338 |
_2rdacarrier _avolumen _bnc |
||
| 505 | _aDeclaración final -- Introducción -- Ponencias: Fundamento teológico de la sexualidad , Sexualidad e iglesia: desfío de un enfoque no tradicional, Eclesexualidad: problemas, desafíos y oportunidades en la comunidad de fe, eclesexualidad: miradas históricas de la sexualidad e implicaciones, una mirada a los derechos sexuales y reproductivos -- Consultas: consulta homosexualidad, consulta VIH-SIDA, consulta sobre el abuso sexual, consulta sobre el aborto -- Foros: eclesexualiadad, abuso sexual, VIH-SIDA, homosexualidad, aborto, la iglesia y la madre adolescente | ||
| 563 | _aRústico | ||
| 653 | _aSexualidad | ||
| 700 |
_95045 _aLeón, Maritza, _eeditor |
||
| 700 |
_91018 _aMorillo, Grace _eeditor |
||
| 942 | _cBK | ||
| 945 | _aJTF-925 | ||
| 999 |
_c45194 _d45194 |
||